Statistics for the behavioral sciences (Record no. 1988)

MARC details
005 - DATE AND TIME OF LATEST TRANSACTION
control field 20250606102217.0
020 ## - INTERNATIONAL STANDARD BOOK NUMBER
International Standard Book Number 0-7674-1064-5
082 ## - DEWEY DECIMAL CLASSIFICATION NUMBER
Classification number LECT 300.151 THO
100 ## - MAIN ENTRY--PERSONAL NAME
Author name THORNE, B. M.
245 ## - TITLE STATEMENT
Title Statistics for the behavioral sciences
250 ## - EDITION STATEMENT
Edition statement 3rd Ed.
260 ## - PUBLICATION, DISTRIBUTION, ETC.
Place of publication, distribution, etc. Califonia,
Name of publisher, distributor, etc. Mayfield Publishing Company,
Date of publication, distribution, etc. 2000.
300 ## - PHYSICAL DESCRIPTION
Extent xx, 439p,: ill.; figure, table.
Other physical details Index.
Dimensions 24cm.
700 ## - ADDED ENTRY--PERSONAL NAME
Other authors/Editors GIESEN, J. M.
856 ## - ELECTRONIC LOCATION AND ACCESS
Link text Access online book
Electronic name Statistics for the behavioral sciences
Path www.mayfieldpub.com
942 ## - ADDED ENTRY ELEMENTS (KOHA)
Source of classification or shelving scheme Dewey Decimal Classification
Koha item type Books
Holdings
Date last seen Total checkouts Full call number Barcode Cost, replacement price Price effective from Koha item type Lost status Source of classification or shelving scheme Damaged status Not for loan Withdrawn status Home library Current library Shelving location Date acquired Cost, normal purchase price
05/06/2025   LECT 300.151 THO 0000007660 30000.00 05/06/2025 Books   Dewey Decimal Classification       College of Business Education Main Library College of Business Education Main Library General Collection 05/28/2010 30000.00
05/06/2025   LECT 300.151 THO 0000007661 90000.00 05/06/2025 Books   Dewey Decimal Classification       College of Business Education Main Library College of Business Education Main Library General Collection 05/28/2010 30000.00
05/06/2025   LECT 300.151 THO 0000007662 90000.00 05/06/2025 Books   Dewey Decimal Classification       College of Business Education Main Library College of Business Education Main Library General Collection 05/28/2010 30000.00
06/06/2025   LECT 300.151 THO 00000011263 90000.00 06/06/2025 Books   Dewey Decimal Classification       College of Business Education Main Library College of Business Education Main Library General Collection 05/28/2010 30000.00